Պրոլետարական հեղափոխության տեսությունը : (Record no. 184890)
[ view plain ]
| 000 -LEADER | |
|---|---|
| fixed length control field | 00848nam a2200181 u 4500 |
| 001 - CONTROL NUMBER | |
| control field | 000500001 |
| 003 - CONTROL NUMBER IDENTIFIER | |
| control field | AM-YeHGA |
| 005 - DATE AND TIME OF LATEST TRANSACTION | |
| control field | 20250617134612.0 |
| 008 - FIXED-LENGTH DATA ELEMENTS--GENERAL INFORMATION | |
| fixed length control field | 060914s1934 aj | |||||||||||||arm|d |
| 040 ## - CATALOGING SOURCE | |
| Original cataloging agency | AM-YeHGA |
| 041 1# - LANGUAGE CODE | |
| Language code of text/sound track or separate title | arm |
| 090 ## - LOCALLY ASSIGNED LC-TYPE CALL NUMBER (OCLC); LOCAL CALL NUMBER (RLIN) | |
| -- | 186345 |
| 245 00 - TITLE STATEMENT | |
| Title | Պրոլետարական հեղափոխության տեսությունը : |
| Remainder of title | Աշխատանքի նյութ տարրական կուսդպրոցների համար / |
| Statement of responsibility, etc. | Ադրկոմկուսի (Բ) կենտկոմի յեվ Բագկոմի մեթոդբյուրո. |
| 260 ## - PUBLICATION, DISTRIBUTION, ETC. | |
| Place of publication, distribution, etc. | Բագու : |
| Name of publisher, distributor, etc. | Կուսհրատ, |
| Date of publication, distribution, etc. | 1934. |
| 300 ## - PHYSICAL DESCRIPTION | |
| Extent | 32 էջ ; |
| Dimensions | 19 սմ. |
| 650 14 - SUBJECT ADDED ENTRY--TOPICAL TERM | |
| Topical term or geographic name entry element | Պրոլետարական ռևոլուցիայի թեորիան, ստրատեգիան և տակտիկան |
| 710 2# - ADDED ENTRY--CORPORATE NAME | |
| Corporate name or jurisdiction name as entry element | Ադրկոմկուսի (Բ) կենտկոմի յեվ Բագկոմիտեի մեթոդ-բյուրո |
| Withdrawn status | Lost status | Damaged status | Not for loan | Collection | Home library | Current library | Date acquired | Cost, normal purchase price | Total checkouts | Full call number | Barcode | Date last seen | Price effective from | Koha item type | Public note |
|---|---|---|---|---|---|---|---|---|---|---|---|---|---|---|---|
| General | Fundamental Scientific Library | Fundamental Scientific Library | 28/12/2016 | 9.00 | AII/24457 | FL0001751 | 28/12/2016 | 28/12/2016 | Գրքեր / Books | 30 Days Loan |
ՀՀ Գիտությունների ազգային ակադեմիայի հիմնարար գիտական գրադարան = Fundamental Scientific Library of NAS RA
All site content, except where otherwise noted, is licensed under a